000 00624nam a2200217 a 4500
005 20140310183625.0
008 120907s19uu xx 00 eng d
020 _a9789814352147
050 _aQA 76.76.O63
_b.M478 2011
100 _aMcHoes, Ann McIver
245 _aOperating systems /
_cAnn McIver McHoes, Flynn, Ida M.
250 _aPhilippine ed.
260 _aSingapore :
_bCengage Learning Asia,
_c2011.
300 _a470 p. :
_bill. ;
_c23 cm.
500 _aIncludes index
521 _aIT
650 _aOperating systems (computers)
700 _aFlynn, Ida M.
942 _cBK
_2lcc
_kFOR
999 _c25496
_d25496